Sedem generácií bankárov

História a súčasnosť jednej z najväčších dynastií sveta - Rothschildovcov. Dve najmocnejšie vetvy dynastie.

Gespeichert in:
Bibliographische Detailangaben
1. Verfasser: Tkáč, Marián
Format: Buchkapitel
Sprache:Slowakisch
Schlagworte:
Tags: Tag hinzufügen
Keine Tags, Fügen Sie das erste Tag hinzu!

MARC

LEADER 00000naa a2200000 4500
001 r048721
005 20230908082717.2
041 0 |a slo 
044 |a SK 
245 1 0 |a Sedem generácií bankárov  |c Marián Tkáč 
520 |a História a súčasnosť jednej z najväčších dynastií sveta - Rothschildovcov. Dve najmocnejšie vetvy dynastie. 
610 2 0 |a životopisy 
610 2 0 |a história 
610 2 0 |a bankovníctvo 
610 2 0 |a Rothschild 
100 1 |a Tkáč, Marián